000 00484nam a22001577a 4500
003 macl
005 20190614154654.0
008 190614b xxu||||| |||| 00| 0 eng d
040 _cmacl
082 _a891.433/HUS/N
100 _aहुसैन,अब्‍दुल्‍ला
_968409
245 _aबंटवारा
260 _aदिल्‍ली
_bनवप्रभात साहित्‍य
_c2018
650 _aउपन्‍यास
_975315
942 _2ddc
_cHIN
999 _c60103
_d60103